000 00527nam a2200181Ia 4500
003 GCL
008 140319s9999 xx 000 0 eng d
040 _aGCL /
_cGCL
082 0 4 _a574.873224
_bGG
100 1 _aGOLLAGHER, SEAN R.
245 1 0 _aGENETIC PROTOCOLS: USING THE GUSGEME AS A REPORTER OF GENE EXPRESSION /
_cGOLLAGHER, SEAN R.
300 _a221 P
650 0 4 _aBETA GLUCURANIDASE GENES
650 0 4 _aBIOCHEMICAL MARKERS
650 0 4 _aGNES EXPRESSION
650 0 4 _aGENETIC ENGINEEING TECHINQUE
942 _2ddc
_cBK
999 _c10182
_d10182